| 000 | 01051nam a22001817a 4500 | ||
|---|---|---|---|
| 003 | OSt | ||
| 005 | 20251117152215.0 | ||
| 008 | 251117b |||||||| |||| 00| 0 eng d | ||
| 040 | _cDCL | ||
| 082 | _a၂၉၄.၃၈၂၃၅၅ | ||
| 130 |
_aတိပိဋက။ _pသုတ္တန္တပိဋက။ _pခုဒ္ဒကနိကာယ။ _tပဋိသမ္ဘိဒါမဂ္ဂ၊ _lအဋ္ဌကထာ၊ _sနိဿယ။ |
||
| 245 |
_aပဋိသမ္ဘိဒါမဂ္ဂအဋ္ဌကထာနိဿယ၊ _bပထမတွဲ / _cဘဒ္ဒန္တတေဇနိယ မဟာထေရ်။ |
||
| 264 |
_aရန်ကုန် ၊ _bသာသနာရေးဦးစီး၊ _c၂၀၀၀။ |
||
| 300 |
_aစ၊ ၇၅၄ စာမျက်နှာ ၊ _c၂၅ စင်တီ။ |
||
| 650 |
_aပဋိသမ္ဘိဒါမဂ္ဂ _vအဋ္ဌကထာ နိဿယ။ |
||
| 700 | _aတေဇနိယ မဟာထေရ်၊ ဘဒ္ဒန္တ | ||
| 942 |
_2ddc _cSHORT TERM _n0 |
||
| 999 |
_c2510 _d2510 |
||